00438nam a2200145Ia 4500008004100000020001500041041001200056082001600068100002100084245008200105260006000187300000900247650001600256700002000272221030s9999 xx 000 0 und d a8188057002 aEnglish a105.23bRad aM. Radhakrishnan 0aComputer Installation & Troubleshootingcby M. Radhakrishnan, Balasubramanian bLearning Materials Centre, ISTE, New DelhiaIndiac2001 a8.25 aBE Computer aBalasubramanian